00405nam a2200133 a 4500008004100000020001800041050001500059100002300074245007300097260003900170300002100209500001700230650002400247130820s2010 ||||||||||||||||| || u a9781848211643 aTA 168 Sys aLuzeaux, Dominique10aSystems of systemscedited by Dominique Luzeaux and Jean-Rene Ruault aLondon:bJohn Wiley and Sonsc2010 axxi, 526p.: ill. aBIBLIOGRAPHY 0aSYSTEMS ENGINEERING